000 00580nam a22002057a 4500
005 20191210154618.0
008 191210b xxu||||| |||| 00| 0 eng d
020 _a9789353573430
_cRs 699
040 _beng
041 _aEnglish
082 _a954.02
_bDAR-CHA
100 _aChanda, Avik
245 _aDara Shukoh
_bThe man who would be king
_cAvik Chanda
260 _aNoida
_bHarperCollins Publishers
_c2019
300 _axxix,336p
_b23 cm; ill.
504 _aIncludes bibliography and index
600 _aDara Shukoh
_d1615-1659
_vBiography
850 _aLCLIB
942 _cBK
999 _c42522
_d93001